Top 20 Surnames (US) Quiz Stats

 Plays Quiz Updated Sep 9, 2018

Score 0/20 Timer 04:00
3 Plays Today
Rank Surname % Correct
1Smith
96.4%
2Johnson
75.4%
5Jones
69.4%
4Brown
48.3%
3Williams
43.7%
20White
42.3%
18Jackson
42%
14Thomas
23.4%
12Anderson
22.9%
6Miller
21.9%
Rank Surname % Correct
10Wilson
21.9%
19Thompson
20.5%
7Davis
20.3%
9Rodriguez
18.8%
17Martin
18.4%
13Taylor
16.7%
8Garcia
12.3%
11Martinez
11.6%
15Hernandez
9.3%
16Moore
8.3%

You're not logged in!

Compare scores with friends on all Sporcle quizzes.
OR
Log In

Sporcle TV

Today on Sporcle TV


Watch our educational content, quiz creation guides, and fun videos on Sporcle TV.

Show Comments

Extras

Top Quizzes Today


Score Distribution

Your Account Isn't Verified!

In order to create a playlist on Sporcle, you need to verify the email address you used during registration. Go to your Sporcle Settings to finish the process.

Report this User

Report this user for behavior that violates our Community Guidelines.

Details: